| 000 | 00520nam a2200193Ia 4500 | ||
|---|---|---|---|
| 008 | 170203s9999 xx 000 0 und d | ||
| 020 | _a0 529045400 | ||
| 050 | _a220.4 | ||
| 050 | _bT374 1990 | ||
| 245 | 4 | _aThe New World dictionary-concordance to the new American Bible / | |
| 260 | _aNew York : | ||
| 260 | _bWorld Pub. | ||
| 260 | _c1970 | ||
| 300 | _a756 pages : | ||
| 300 | _c18 cm. | ||
| 650 | _aBible -- | ||
| 650 | _aBible -- Concordances, English -- New American Bible. | ||
| 650 | _xDictionaries. | ||
| 999 |
_c305865 _d305865 |
||